| 000 | 00518nam a2200217Ia 4500 | ||
|---|---|---|---|
| 008 | 150901s9999 xx 000 0 und d | ||
| 041 | _aEnglish | ||
| 082 | _a658 | ||
| 082 | _bSHE/AR | ||
| 100 | _aSheal P | ||
| 100 | _eAuthor | ||
| 245 | _aArt of HRH; staff development handbook V.6 | ||
| 260 | _aNewdelhi | ||
| 260 | _bCrest publishing | ||
| 260 | _c1999 | ||
| 300 | _a231 Pages | ||
| 365 | _aRs.77 | ||
| 650 | _aHuman resource development | ||
| 650 | _aManagement | ||
| 942 | _cREF | ||
| 999 |
_c201524 _d201524 |
||